000 01606cad a22002895a 4500
001 L160104
008 100611s2009 xxk f 000 0 eng d
035 _a(Sirsi) u160104
041 0 _aeng
110 2 _aFederation International Des Geometres
111 2 _aFIG / World Bank Conference Washington DC, USA
_d9 - 10 March 2009
245 0 0 _aLand governance in support of the Millennium Development Goals
_bResponding to new challenges
_bFIG - World Bank Conference
_h[electronic resource]
260 _aWashington
_bFIG
_c2009
520 _aPresents papers from the 2009 International Federation of Surveyors - World Bank Conference. The overall objective was to emphasise the important role of Land Governance in implementing the Millennium Development Goals (MDGs) and to demonstrate how FIG and the World Bank are working in parallel to achieve these global aims. The conference was divided into six themes. Land governance for the 21st century; building sustainable, well-governed land administration systems; securing social tenure for the poorest; making land markets work for all; improving access to land and shelter; and land governance for rapid urbanization.
521 _aAdvanced
590 _aKA
650 2 4 _aLAND ADMINISTRATION SYSTEMS
650 2 4 _aLAND TENURE
650 2 4 _aLAND MARKETS
650 2 4 _aURBANISATION
650 2 4 _aLAND ADMINISTRATION
650 2 4 _aACCESS TO LAND
651 4 _aInternational
690 _aLand use
_96251
856 4 0 _uhttps://fig.net/resources/proceedings/2009/2009_fig_wb.asp
_zView the proceedings free of charge at fig.net
942 _n0
999 _c121060
_d121060